000 00833cam a2200301 4500
008 090401t1985 xxu||||| |||| 00| 0 eng d
020 _a0728200872
035 _a(Sirsi) u95116
041 _aeng
050 _a333.332
100 _aWilliams, R.G.
245 _aAgricultural valuations: a practical guide
260 _aLondon
_bEstates Gazette
_c1985
300 _ax 218p. ; 22cm.
350 _a11
650 _aPROPERTY-LANDLORD AND TENANT-TENANCIES-AGRICULTURAL TENANCIES
650 _aCompulsory purchase
_96228
650 _aCROPS
650 _aDilapidations
_96235
650 _aEASEMENTS
650 _aFARM LAND
650 _aPROPERTY-RURAL AND NATURAL ASSETS-AGRICULTURAL PROPERTY-LIVESTOCK
650 _aRENT
650 _aValuation
_96273
650 _aWAYLEAVES
942 _n0
948 _c04/03/1997
999 _c98297
_d98297